Main Languages of Austria - Statistics

General Stats
  • This quiz has been taken 236 times
  • The average score is 10 of 14
Answer Stats
# Speakers Language % Correct
7,115,780 German
100%
10,742 Italian
93%
10.190 French
90%
58,582 English
81%
17,742 Czech
80%
30,598 Polish
80%
362,896 Serbo-Croatian
80%
40,583 Hungarian
79%
10,234 Slovak
78%
6,273 Romani
74%
24,855 Slovene
70%
183,445 Turkish
69%
28,212 Albanian
44%
5,145 Macedonian
24%
No matching quizzes found
Score Distribution
Percent of People with Each Score
Percentile by Number Answered
Your Score History
You have not taken this quiz